[Event "BL 2018-19"]
[Site "Berlin"]
[Date "2019.03.01"]
[Round "9.30"]
[White "Hoffmeyer, Falk"]
[Black "Rozentalis, Eduardas"]
[Result "0-1"]
[WhiteElo "2337"]
[BlackElo "2524"]
[Annotator "TA"]
[PlyCount "64"]
[EventDate "2018.11.10"]
[EventType "team-tourn"]
[EventCountry "GER"]
[SourceTitle "playchess.com"]
[Source "ChessBase"]
[SourceQuality "1"]
[WhiteTeam "Zugzwang Muenchen"]
[BlackTeam "Augsburg"]

{[%evp 9,64,14,16,16,16,20,54,57,43,22,38,14,29,-4,0,-14,37,-24,-14,-21,-22,-29,0,0,0,-20,0,0,0,0,18,12,29,0,0,0,0,0,-1,-25,-27,-35,-23,-216,-219,-224,-204,-195,-197,-189,-126,-532,-504,-716,-715,-712,-705]} 1. d4 d5 2. Bf4 Bg4 (2... Nf6 3. e3 e6 4. Nd2 Bd6 5. Bg3 O-O 6. Ngf3 b6 7. c3 c5 8. Bd3 Ba6 9. Bxa6 Nxa6 10. O-O Bxg3 11. hxg3 Qc7 12. Qe2 Nb8 13. e4 dxe4 14. Nxe4 Nbd7 {1-0 (55) Duda,J (2738)-Giri,A (2783) St Petersburg 2018}) 3. h3 Bh5 4. c3 e6 5. Qb3 Qc8 6. Nd2 {D00: 1 d4 d5: Unusual lines} Nf6 7. e3 Bd6 $146 ({Predecessor:} 7... Nbd7 8. Be2 Bg6 9. Ngf3 c5 10. Nh4 {½-½ (37) Muse,D (2389)-Sulava,N (2453) Bol 2014}) 8. Bxd6 {White is slightly better.} cxd6 9. Ngf3 O-O 10. Be2 Nc6 11. O-O e5 {[#] Hoping for ...e4.} 12. Rae1 Re8 ({Black should play} 12... e4 $11 13. Nh2 Bxe2 14. Rxe2 Na5) 13. Bd1 ({Better is} 13. g4 $1 $14) 13... Rb8 14. dxe5 dxe5 15. e4 dxe4 16. Ng5 {Threatens to win with Bxh5.} Bg6 17. Ndxe4 Nxe4 18. Nxe4 Qc7 19. Bf3 Rbd8 20. Rd1 Na5 21. Qb4 Nc4 22. Rfe1 b6 23. Qb5 h6 24. Nd2 Nxd2 {[#]} 25. Rxd2 $1 {[%mdl 512]} e4 {White must now prevent ...a6.} (25... Rxd2 26. Qxe8+) 26. Bg4 $2 (26. Rxd8 $11 {and White stays safe.} Rxd8 27. Bg4) 26... Rxd2 $19 27. Qxe8+ Kh7 28. Qb5 Qf4 29. Rf1 Qg5 (29... f5 $19 30. Bd1 Bf7) 30. Qb4 $2 {[%mdl 8192]} (30. Qxg5 $17 {is tougher.} hxg5 31. Bd1) 30... h5 {Black is clearly winning.} 31. Bd1 e3 32. Bf3 exf2+ {Accuracy: White = 31%, Black = 41%.} 0-1

[Event "BL 2018-19"]
[Site "Berlin"]
[Date "2019.03.01"]
[Round "9.31"]
[White "Nestorovic, Nikola"]
[Black "Eichler, Christoph"]
[Result "1-0"]
[WhiteElo "2455"]
[BlackElo "2315"]
[Annotator "ChessBase"]
[PlyCount "109"]
[EventDate "2018.11.10"]
[EventType "team-tourn"]
[EventCountry "GER"]
[SourceTitle "playchess.com"]
[Source "ChessBase"]
[SourceQuality "1"]
[WhiteTeam "Augsburg"]
[BlackTeam "Zugzwang Muenchen"]
[TimeControl "40/6000+30:3000+30"]

1. e4 {[%emt 0:00:00]} c5 {[%emt 0:00:00]} 2. Nf3 {[%emt 0:00:00]} Nc6 {[%emt 0:00:00]} 3. d4 {[%emt 0:00:02]} cxd4 {[%emt 0:00:00]} 4. Nxd4 {[%emt 0:00:04]} g6 {[%emt 0:00:03]} 5. c4 {[%emt 0:00:05]} Nf6 {[%emt 0:00:18]} 6. Nc3 {[%emt 0:00:06]} Nxd4 {[%emt 0:00:07]} 7. Qxd4 {[%emt 0:00:05]} d6 {[%emt 0:00:06]} 8. Be3 {[%emt 0:00:31]} Bg7 {[%emt 0:00:09]} 9. Be2 {[%emt 0:00:55]} O-O {[%emt 0:00:12]} 10. Qd2 {[%emt 0:00:06]} Be6 {[%emt 0:01:14]} 11. Rc1 {[%emt 0:04:51]} Qa5 {[%emt 0:02:14]} 12. O-O {[%emt 0:00:23]} Rfc8 {[%emt 0:00:36]} 13. b3 {[%emt 0:00:05]} a6 {[%emt 0:01:37]} 14. Bf3 {[%emt 0:00:04]} Rab8 {[%emt 0:10:54]} 15. Ba7 {[%emt 0:00:07]} Ra8 {[%emt 0:00:07]} 16. Bd4 {[%emt 0:00:27]} Rab8 {[%emt 0:03:49]} 17. Qe3 {[%emt 0:10:35]} Nd7 {[%emt 0:14:17]} 18. Bxg7 {[%emt 0:32:12]} Kxg7 {[%emt 0:01:37]} 19. Nd5 {[%emt 0:00:56]} Re8 {[%emt 0:14:29]} 20. b4 {[%emt 0:05:00]} Qd8 {[%emt 0:02:12]} 21. Nf4 {[%emt 0:08:05]} Nf8 {[%emt 0:07:49]} 22. Rfd1 {[%emt 0:06:50]} Qc7 {[%emt 0:05:38]} 23. h4 {[%emt 0:12:26]} f6 {[%emt 0:05:52]} 24. c5 {[%emt 0:05:01]} dxc5 {[%emt 0:01:52]} 25. Rxc5 {[%emt 0:02:34]} Qb6 {[%emt 0:00:15]} 26. a3 {[%emt 0:03:09]} Rbd8 {[%emt 0:06:43]} 27. Rdc1 {[%emt 0:00:13]} Bf7 {[%emt 0:01:28]} 28. e5 {[%emt 0:00:47]} Rd7 {[%emt 0:07:20]} 29. Bd5 {[%emt 0:06:02]} fxe5 {[%emt 0:09:12]} 30. Qxe5+ {[%emt 0:03:22]} Qf6 {[%emt 0:01:01]} 31. Bf3 {[%emt 0:02:57]} Ne6 {[%emt 0:04:51]} 32. Nxe6+ {[%emt 0:02:13]} Bxe6 {[%emt 0:00:05]} 33. Qe3 {[%emt 0:03:21]} Bf7 {[%emt 0:02:55]} 34. h5 {[%emt 0:00:44]} gxh5 {[%emt 0:00:38]} 35. Bxh5 {[%emt 0:00:10]} Bg6 {[%emt 0:02:15]} 36. Be2 {[%emt 0:01:32]} Red8 {[%emt 0:00:54]} 37. Rc7 {[%emt 0:00:21]} Qd6 {[%emt 0:02:07]} 38. Qc3+ {[%emt 0:00:36]} Qf6 {[%emt 0:00:06]} 39. Bf3 {[%emt 0:00:45]} Rxc7 {[%emt 0:03:10]} 40. Qxc7 {[%emt 0:01:34]} Rd3 {[%emt 0:00:51]} 41. Re1 {[%emt 0:20:09]} Kf7 {[%emt 0:02:34]} 42. a4 {[%emt 0:03:56]} b5 {[%emt 0:03:24]} 43. axb5 {[%emt 0:01:04]} axb5 {[%emt 0:00:16]} 44. Qc5 {[%emt 0:00:18]} Qd6 {[%emt 0:02:07]} 45. Qxb5 {[%emt 0:00:56]} Rd4 {[%emt 0:00:38]} 46. Qc5 {[%emt 0:02:02]} Rxb4 {[%emt 0:07:07]} 47. Bd5+ {[%emt 0:00:04]} Kf6 {[%emt 0:02:37]} 48. Re6+ {[%emt 0:03:27]} Qxe6 {[%emt 0:00:07]} 49. Bxe6 {[%emt 0:00:07]} Rb1+ {[%emt 0:00:05]} 50. Kh2 {[%emt 0:00:04]} Kxe6 {[%emt 0:00:05]} 51. f4 {[%emt 0:02:54]} Re1 {[%emt 0:04:46]} 52. g4 {[%emt 0:01:15]} Be4 {[%emt 0:01:08]} 53. Kg3 {[%emt 0:02:07]} Kf7 {[%emt 0:01:38]} 54. Qc4+ {[%emt 0:01:00]} Kf8 {[%emt 0:02:12]} 55. Kf2 {[%emt 0:00:11]} 1-0

[Event "BL 2018-19"]
[Site "Berlin"]
[Date "2019.03.01"]
[Round "9.32"]
[White "Lammers, Markus"]
[Black "Schmittdiel, Eckhard"]
[Result "1/2-1/2"]
[WhiteElo "2298"]
[BlackElo "2436"]
[Annotator "NA"]
[PlyCount "73"]
[EventDate "2018.11.10"]
[EventType "team-tourn"]
[EventCountry "GER"]
[SourceTitle "playchess.com"]
[Source "ChessBase"]
[SourceQuality "1"]
[WhiteTeam "Zugzwang Muenchen"]
[BlackTeam "Augsburg"]
[TimeControl "40/6000+30:3000+30"]

1. Nf3 {[%emt 0:00:00]} Nf6 {[%emt 0:00:18]} 2. c4 {[%emt 0:00:08]} e6 {[%emt 0:00:15]} 3. e3 {[%emt 0:00:44]} g6 {[%emt 0:03:56]} 4. d4 {[%emt 0:00:59]} Bg7 {[%emt 0:00:06]} 5. Nc3 {[%emt 0:00:27]} O-O {[%emt 0:00:17]} 6. Be2 {[%emt 0:03:42]} d5 {[%emt 0:07:48]} 7. b4 {[%emt 0:01:17]} Ne4 {[%emt 0:08:07]} 8. Bb2 {[%emt 0:04:02]} Nxc3 {[%emt 0:11:32]} 9. Bxc3 {[%emt 0:00:58]} dxc4 {[%emt 0:01:34]} 10. Bxc4 {[%emt 0:00:24]} b6 {[%emt 0:00:34]} 11. O-O {[%emt 0:04:50]} Bb7 {[%emt 0:00:11]} 12. Qe2 {[%emt 0:02:15]} Nd7 {[%emt 0:00:34]} 13. Rfd1 {[%emt 0:02:48]} Qe7 {[%emt 0:02:18]} 14. Rac1 {[%emt 0:08:01]} a6 {[%emt 0:07:43]} 15. e4 {[%emt 0:11:24]} Rfd8 {[%emt 0:09:51]} 16. h3 {[%emt 0:14:53]} Bh6 {[%emt 0:20:29]} 17. Rb1 {[%emt 0:02:27]} Nf6 {[%emt 0:02:36]} 18. Bd3 {[%emt 0:01:24]} Nh5 {[%emt 0:02:00]} 19. g3 {[%emt 0:02:02]} Nf6 {[%emt 0:00:34]} 20. Ne5 {[%emt 0:01:45]} Nd7 {[%emt 0:00:49]} 21. Ng4 {[%emt 0:00:29]} Bg7 {[%emt 0:00:09]} 22. a3 {[%emt 0:08:00]} h5 {[%emt 0:08:46]} 23. Ne3 {[%emt 0:00:34]} b5 {[%emt 0:05:13]} 24. Qc2 {[%emt 0:12:24]} Nb6 {[%emt 0:00:29]} 25. Bf1 {[%emt 0:00:18]} Rd7 {[%emt 0:01:46]} 26. Bg2 {[%emt 0:03:39]} Rad8 {[%emt 0:00:21]} 27. Rbc1 {[%emt 0:00:33]} Na4 {[%emt 0:02:03]} 28. Ba1 {[%emt 0:04:12]} Bxd4 {[%emt 0:02:21]} 29. Bxd4 {[%emt 0:00:08]} Rxd4 {[%emt 0:00:04]} 30. Rxd4 {[%emt 0:00:11]} Rxd4 {[%emt 0:00:04]} 31. Qxc7 {[%emt 0:00:20]} Qxc7 {[%emt 0:08:34]} 32. Rxc7 {[%emt 0:00:18]} Bxe4 {[%emt 0:00:03]} 33. Bxe4 {[%emt 0:01:02]} Rxe4 {[%emt 0:00:05]} 34. Ra7 {[%emt 0:01:07]} Rd4 {[%emt 0:00:22]} 35. Rxa6 {[%emt 0:00:11]} Rd3 {[%emt 0:00:05]} 36. Ra5 {[%emt 0:00:29]} Nc3 {[%emt 0:00:29]} 37. Kg2 {[%emt 0:03:05]} 1/2-1/2

[Event "BL 2018-19"]
[Site "Berlin"]
[Date "2019.03.02"]
[Round "10.1"]
[White "Caruana, Fabiano"]
[Black "Shankland, Samuel"]
[Result "1/2-1/2"]
[WhiteElo "2828"]
[BlackElo "2724"]
[Annotator "RC"]
[PlyCount "96"]
[EventDate "2018.11.10"]
[EventType "team-tourn"]
[EventCountry "GER"]
[SourceTitle "playchess.com"]
[Source "ChessBase"]
[SourceQuality "1"]
[WhiteTeam "Baden-Baden"]
[BlackTeam "Hockenheim"]
[TimeControl "40/6000+30:3000+30"]

1. e4 c5 {[%emt 0:00:00]} 2. Nf3 {[%emt 0:00:00]} e6 {[%emt 0:00:00]} 3. d4 {[%emt 0:00:00]} cxd4 {[%emt 0:00:00]} 4. Nxd4 {[%emt 0:00:01]} Nc6 {[%emt 0:00:00]} 5. Nc3 {[%emt 0:00:07]} Qc7 {[%emt 0:00:00]} 6. Be3 {[%emt 0:00:56]} a6 {[%emt 0:00:01]} 7. Qf3 {[%emt 0:00:09]} Nf6 {[%emt 0:00:16]} 8. O-O-O {[%emt 0:05:11]} Ne5 {[%emt 0:00:06]} 9. Qg3 {[%emt 0:00:11]} b5 10. f4 {[%emt 0:01:43]} Neg4 {[%emt 0:00:11]} 11. Bd2 {[%emt 0:07:20]} b4 {[%emt 0:00:25]} 12. Na4 {[%emt 0:00:13]} h5 {[%emt 0:00:05]} 13. Bd3 {[%emt 0:03:14]} d5 {[%emt 0:00:19]} 14. e5 {[%emt 0:09:46]} Ne4 {[%emt 0:00:08]} 15. Bxe4 {[%emt 0:00:05]} dxe4 {[%emt 0:00:07]} 16. h3 {[%emt 0:03:04]} Nh6 {[%emt 0:01:32]} 17. b3 {[%emt 0:01:08]} Bd7 {[%emt 0:00:34]} 18. Nb2 {[%emt 0:03:00]} Bc5 {[%emt 0:00:20]} 19. Be3 {[%emt 0:07:25]} O-O {[%emt 0:00:21]} 20. Qf2 {[%emt 0:01:06]} a5 {[%emt 0:00:28]} 21. Kb1 {[%emt 0:01:24]} a4 {[%emt 0:25:00]} 22. g4 {[%emt 0:01:44]} Ra6 {[%emt 0:09:16]} 23. Nxe6 {[%emt 0:22:46]} Bxe6 {[%emt 0:02:46]} 24. Bxc5 {[%emt 0:00:04]} axb3 {[%emt 0:13:01]} 25. cxb3 {[%emt 0:00:07]} Rfa8 {[%emt 0:01:33]} 26. Na4 {[%emt 0:00:05]} hxg4 {[%emt 0:03:43]} 27. hxg4 {[%emt 0:00:12]} Bxg4 {[%emt 0:01:37]} 28. Rd6 {[%emt 0:00:59]} Bf3 {[%emt 0:10:54]} 29. Rhxh6 {[%emt 0:13:07]} gxh6 {[%emt 0:01:27]} 30. Nb6 {[%emt 0:08:28]} Rxb6 {[%emt 0:06:50]} 31. Bxb6 {[%emt 0:00:06]} Qc3 {[%emt 0:00:42]} 32. Be3 {[%emt 0:11:27]} Rc8 {[%emt 0:07:26]} 33. f5 Qxe5 {[%emt 0:07:39]} 34. Qg1+ {[%emt 0:08:33]} Qg7 {[%emt 0:01:30]} 35. Qxg7+ {[%emt 0:00:09]} Kxg7 {[%emt 0:00:03]} 36. Bxh6+ {[%emt 0:00:12]} Kh7 {[%emt 0:00:59]} 37. Bd2 {[%emt 0:01:18]} Rc5 {[%emt 0:05:38]} 38. Rh6+ {[%emt 0:01:39]} Kg8 {[%emt 0:00:06]} 39. f6 {[%emt 0:00:41]} e3 {[%emt 0:08:35]} 40. Bxb4 {[%emt 0:01:40]} Be4+ {[%emt 0:04:01]} 41. Kb2 {[%emt 0:50:09]} Rc2+ {[%emt 0:51:36]} 42. Ka3 {[%emt 0:00:07]} e2 {[%emt 0:00:00]} 43. Rh3 {[%emt 0:00:00]} Bd5 {[%emt 0:00:00]} 44. Rh5 {[%emt 0:00:00]} Be6 {[%emt 0:00:00]} 45. Ba5 {[%emt 0:00:00]} Rc1 {[%emt 0:00:00]} 46. Re5 {[%emt 0:00:00]} Rc2 {[%emt 0:00:00]} 47. Rh5 {[%emt 0:00:00]} Rc1 {[%emt 0:00:00]} 48. Re5 {[%emt 0:00:00]} Rc2 {[%emt 0:00:00]} 1/2-1/2

[Event "BL 2018-19"]
[Site "Berlin"]
[Date "2019.03.02"]
[Round "10.1"]
[White "McShane, Luke J"]
[Black "Grandelius, Nils"]
[Result "1-0"]
[WhiteElo "2667"]
[BlackElo "2678"]
[Annotator "TA"]
[PlyCount "115"]
[EventDate "2018.11.10"]
[EventType "team-tourn"]
[EventCountry "GER"]
[SourceTitle "playchess.com"]
[Source "ChessBase"]
[SourceQuality "1"]
[WhiteTeam "Werder Bremen"]
[BlackTeam "Hamburg SK"]

{[%evp 12,115,12,11,8,4,15,6,18,23,21,14,18,12,21,14,18,23,24,12,11,8,32,31,34,28,33,32,40,33,85,77,127,124,208,214,216,216,216,216,211,202,192,189,189,186,215,219,218,181,273,272,285,274,359,355,411,324,422,443,460,429,410,335,468,376,536,461,468,466,433,466,472,463,473,455,462,433,387,355,875,872,862,747,1123,1121,1120,1118,1108,972,868,588,1097,1010,1071,1159,1110,1097,1065,954,1005,917,827,827,821,752]} 1. e4 c5 2. Nf3 d6 3. Bb5+ Nd7 4. d4 cxd4 5. Qxd4 a6 6. Bxd7+ Bxd7 7. Nc3 Rc8 {B51: Sicilian: Moscow Variation (3 Bb5+) without 3...Bd7} 8. O-O e5 9. Qd3 h6 {The position is equal.} (9... Qc7 10. Rd1 Be6 11. a4 Nf6 12. Nd2 Be7 13. Nf1 Qc4 14. Ne3 Qxd3 15. Rxd3 Kd7 {½-½ (33) Xiong,J (2656)-Vachier Lagrave,M (2780) Douglas 2018}) 10. Nd2 Qc7 11. Rd1 Nf6 12. Nf1 Bg4 13. f3 Be6 14. Ne3 Be7 {[#]} 15. Bd2 $146 ({Predecessor:} 15. Kh1) 15... O-O 16. Kh1 Rfe8 17. a4 Qc5 18. Be1 Bd8 19. Bf2 Qb4 20. Rab1 ({Reject} 20. Qxd6 Qxb2 21. Ncd5 Bxd5 $15) 20... Ba5 (20... Be7 $14) 21. Bh4 $16 {Threatens to win with Bxf6.} g5 {[#]} 22. Be1 $1 Bc4 (22... Qd4 $16) 23. Ncd5 $18 {[%mdl 64] Discovered Attack} ({Don't take} 23. Qxd6 $6 Qxd6 24. Rxd6 Be6 $16) 23... Nxd5 24. Bxb4 Bxd3 25. Nxd5 ({Less strong is} 25. Bxa5 Nxe3 26. Rxd3 Nxc2 $14) 25... Bxc2 {[#] And now ...Bxb4 would win.} 26. Bxa5 Kg7 27. Bc3 Bxb1 28. Rxb1 Rc6 29. g4 f6 30. Kg2 Kf7 (30... Rh8 $142 31. Rd1 Rcc8) 31. h4 gxh4 32. Rh1 Rg8 33. Rxh4 Rg6 34. Kf2 Rc4 35. a5 Rc8 36. Rh1 Rh8 37. Bd2 Rc8 38. Ke2 Ke6 (38... Rc2 $142 39. Rb1 Ke6) 39. Kd3 Rh8 40. Rh5 Rh7 41. Be3 Rh8 42. Kd2 Rh7 43. Ke1 Rh8 44. Kf2 Kf7 45. Kg3 Rc8 $2 (45... Rh7 46. Kg2 Ke6) 46. Rxh6 {White is clearly winning.} Rxh6 47. Bxh6 Rc2 48. b4 Rc8 49. Be3 Ke6 50. Kg2 Rg8 51. Bb6 Rc8 52. Kg3 Rh8 53. f4 exf4+ 54. Kxf4 Rh1 55. Bd4 Rf1+ 56. Kg3 Re1 57. Kf3 Rf1+ 58. Ke2 {Accuracy: White = 88%, Black = 40%.} 1-0

[Event "BL 2018-19"]
[Site "Berlin"]
[Date "2019.03.02"]
[Round "10.2"]
[White "Vitiugov, Nikita"]
[Black "Vachier-Lagrave, Maxime"]
[Result "1/2-1/2"]
[WhiteElo "2719"]
[BlackElo "2775"]
[Annotator "TA"]
[PlyCount "105"]
[EventDate "2018.11.10"]
[EventType "team-tourn"]
[EventCountry "GER"]
[SourceTitle "playchess.com"]
[Source "ChessBase"]
[SourceQuality "1"]
[WhiteTeam "Hockenheim"]
[BlackTeam "Baden-Baden"]

{[%evp 18,105,8,6,14,17,25,10,13,0,0,0,12,14,24,14,22,7,31,21,39,28,20,27,28,26,9,12,8,-5,13,12,20,0,18,22,15,0,0,0,0,0,27,28,28,25,22,7,3,3,72,24,56,21,21,21,22,17,47,43,59,49,54,53,46,16,16,20,18,0,0,3,10,0,112,8,8,8,8,8,10,10,12,0,0,0,0,0,0,0]} 1. e4 c5 2. Nf3 d6 3. d4 cxd4 4. Nxd4 Nf6 5. Nc3 a6 6. a4 g6 7. Be2 Bg7 8. O-O O-O 9. Be3 Nc6 10. Qd2 Rb8 {B90: Sicilian Najdorf: Unusual White 6th moves, 6 Be3 Ng4 and 6 Be3 e5} 11. h3 Bd7 12. Rfd1 Rc8 $146 ({Predecessor:} 12... Qc7 13. Nb3 {½-½ (13) Grischuk,A (2783)-Vachier Lagrave,M (2804) Tbilisi 2017}) 13. Nxc6 Bxc6 14. f3 Qd7 15. a5 Qe6 16. Bd4 Nh5 17. Bxg7 Kxg7 18. f4 f5 19. Re1 Nf6 20. exf5 Qxf5 {next ...Qc5+ is good for Black.} 21. Bd3 Qc5+ 22. Qe3 Qb4 23. Qxe7+ Rf7 24. Qe3 Qxb2 25. Na4 Bxa4 26. Rxa4 Nd5 27. Qe6 Re7 28. Qxc8 Rxe1+ 29. Kh2 {[#] Threatens to win with Re4.} Re7 (29... Ne7 $5 {[%cal Re7c8]} 30. Qc4 d5 $11) 30. Re4 {And now Qc4 would win.} Qf6 {aiming for ...Rxe4.} 31. g3 Rc7 32. Qb8 Qc3 33. Qd8 Qf6 (33... Qc5 $11) 34. Re8 Re7 35. Rg8+ Kh6 36. Qf8+ Qxf8 37. Rxf8 $11 {[%mdl 4096] Endgame KRB-KRN} Kg7 38. Rd8 Nb4 39. Rxd6 Nxc2 $1 40. g4 Nb4 41. Bc4 {White wants to play f5.} Re4 42. Rd7+ Kh8 43. Rc7 {g5 is the strong threat.} Rxf4 44. Kg3 g5 45. Be6 h5 (45... Nc6 $11 {keeps the balance.}) 46. h4 ({But not} 46. Rxb7 $6 h4+ 47. Kh2 Nd3 $11) ({White should play} 46. gxh5 $16 Nc6 47. Rxb7) 46... Rf6 {The position is equal.} 47. Re7 gxh4+ 48. Kxh4 Nc6 49. Kg5 {[#] Re8+ would kill now.} Rf8 50. Rc7 hxg4 51. Kxg4 Nxa5 52. Kg5 {Threatening mate with Kg6.} Nc6 53. Rxb7 {Accuracy: White = 59%, Black = 60%.} 1/2-1/2

[Event "BL 2018-19"]
[Site "Berlin"]
[Date "2019.03.02"]
[Round "10.2"]
[White "Svane, Rasmus"]
[Black "Efimenko, Zahar"]
[Result "1/2-1/2"]
[WhiteElo "2600"]
[BlackElo "2635"]
[Annotator "TA"]
[PlyCount "97"]
[EventDate "2018.11.10"]
[EventType "team-tourn"]
[EventCountry "GER"]
[SourceTitle "playchess.com"]
[Source "ChessBase"]
[SourceQuality "1"]
[WhiteTeam "Hamburg SK"]
[BlackTeam "Werder Bremen"]

{[%evp 13,97,29,48,29,21,35,40,28,25,31,31,31,31,31,31,27,35,27,28,31,35,33,31,23,23,20,18,22,16,19,41,41,41,41,41,41,55,55,55,54,54,54,56,56,57,57,53,53,46,47,70,41,32,11,14,0,39,38,46,31,53,53,53,54,54,54,54,54,54,46,46,39,54,54,54,54,54,54,54,54,54,54,96,96,96,96]} 1. d4 d6 2. g3 g6 3. Bg2 Bg7 4. Nf3 Nf6 5. c4 c6 6. O-O O-O 7. Nc3 Bf5 8. Ng5 {E62: King's Indian: Fianchetto: 6...c6 and Panno Variation (6...Nc6) without ...a6} d5 9. Qb3 Qb6 10. cxd5 {And now Qxb6 would win.White is slightly better.} Qxb3 11. axb3 cxd5 12. Nxd5 Nxd5 13. Bxd5 Nc6 14. e3 h6 {[#]} 15. Ne4 $146 ({Predecessor:} 15. Nf3 Rfd8 {1-0 (53) Gustafsson,J (2643)-Raghunandan,K (2434) Bangkog 2018}) 15... Rfd8 16. Nc3 e5 17. dxe5 Bxe5 18. e4 Bh3 19. Rd1 Bg4 {[#] White must now prevent ...Bxc3.} 20. Rd3 Nb4 21. Rd2 Nxd5 22. Rxd5 Rxd5 23. exd5 Bf3 24. Bxh6 Bxc3 25. bxc3 {Hoping for c4.} Bxd5 $14 {[%mdl 4096] Endgame KRB-KRB} 26. b4 Bf3 27. Be3 a6 28. h3 f5 29. Kf1 Rd8 30. Bd4 Re8 31. Ra2 Bd5 32. Ra5 Bf3 33. Be3 Rd8 {[%cal Rd8d1] [#]} 34. Bd4 Re8 $1 35. Ra3 Kf7 36. Ra2 Bd5 37. Rd2 Bc4+ 38. Kg2 Re2 39. Rxe2 Bxe2 {KB-KB} 40. f3 Bc4 41. g4 fxg4 42. hxg4 g5 43. Kf2 Kg6 44. Bb6 Bb5 45. Ke3 Bc4 46. Bd8 Bd5 47. Be7 b5 48. f4 gxf4+ 49. Kxf4 {Accuracy: White = 81%, Black = 80%.} 1/2-1/2

[Event "BL 2018-19"]
[Site "Berlin"]
[Date "2019.03.02"]
[Round "10.3"]
[White "Anand, Viswanathan"]
[Black "Cheparinov, Ivan"]
[Result "1/2-1/2"]
[WhiteElo "2779"]
[BlackElo "2709"]
[Annotator "TA"]
[PlyCount "81"]
[EventDate "2018.11.10"]
[EventType "team-tourn"]
[EventCountry "GER"]
[SourceTitle "playchess.com"]
[Source "ChessBase"]
[SourceQuality "1"]
[WhiteTeam "Baden-Baden"]
[BlackTeam "Hockenheim"]

{[%evp 15,81,8,17,7,22,8,24,-34,-39,-45,-41,-68,-68,-65,-56,-62,-27,-24,-1,-9,-8,-1,0,0,0,-4,-8,-12,0,0,26,12,42,40,45,40,43,45,50,24,50,43,106,20,20,20,23,20,20,0,6,20,21,0,14,0,22,29,42,6,6,6,6,0,10,0,62,0]} 1. e4 e5 2. Nf3 Nc6 3. Bb5 Nf6 4. d3 Bc5 5. Bxc6 dxc6 6. O-O {C65: Ruy Lopez: Berlin Defence (3...Nf6), unusual lines and 4 0-0 Bc5} (6. Nbd2 Be6 7. O-O Bd6 8. b3 Nd7 9. Nc4 Qe7 10. Bb2 Bxc4 11. bxc4 O-O 12. a4 a6 13. g3 Nc5 {0-1 (43) Robson,R (2667)-So,W (2765) chess.com INT 2019}) 6... Qe7 7. Nbd2 Bg4 {[%cal Bc8g4,Bg4h5,Bh5g6][%mdl 32]} 8. h3 Bh5 {LiveBook: 6 Games} 9. a3 Nd7 10. b4 Bd6 11. g4 $146 (11. Nc4 $11) ({Predecessor:} 11. Nc4 O-O 12. Bd2 Rfe8 13. Ne3 Nf8 {½-½ (25) Tieken,F (2128)-Packroff,H (2200) ICCF email 2015}) 11... Bg6 $15 12. Nc4 h5 13. Kg2 O-O-O 14. Be3 hxg4 15. hxg4 Nf6 16. Nfd2 Rh7 17. Qe2 Rdh8 {[#] Strongly threatening ...Rh2+.} 18. Rh1 Nd7 19. Rxh7 Rxh7 20. Rh1 Rxh1 21. Kxh1 b6 22. Nf3 Qe6 23. Nh4 Qf6 24. g5 Qe6 {...Qh3+ is the strong threat.} 25. Nxg6 Qh3+ 26. Kg1 fxg6 27. f3 c5 28. b5 Qg3+ {[#]} (28... Kb7 $14) 29. Kf1 (29. Qg2 $1 $16 {[%cal Rg2g3]} Qxg2+ 30. Kxg2) 29... Nf8 $1 $11 30. Qg2 Qh4 31. Ke2 Ne6 32. a4 {[%cal Ba3a4,Ba4a5][%mdl 32]} Kd7 33. c3 Ke7 34. Kd2 Kf7 35. Kc2 Ke7 36. Bd2 Kd7 37. a5 Ke7 38. Qg1 Qh5 39. Qg2 {Hoping for f4.} Qh4 40. Qf1 Nxg5 (40... Qh2 $11) 41. Bxg5+ {Precision: White = 35%, Black = 60%.} (41. axb6 $14 axb6 42. f4) 1/2-1/2

[Event "BL 2018-19"]
[Site "Berlin"]
[Date "2019.03.02"]
[Round "10.3"]
[White "Edouard, Romain"]
[Black "Huschenbeth, Niclas"]
[Result "1-0"]
[WhiteElo "2636"]
[BlackElo "2586"]
[Annotator "TA"]
[PlyCount "81"]
[EventDate "2018.11.10"]
[EventType "team-tourn"]
[EventCountry "GER"]
[SourceTitle "playchess.com"]
[Source "ChessBase"]
[SourceQuality "1"]
[WhiteTeam "Werder Bremen"]
[BlackTeam "Hamburg SK"]

{[%evp 10,81,-8,-3,27,9,16,10,47,44,47,51,50,47,53,43,133,124,131,73,63,51,92,79,87,108,85,85,90,90,95,102,123,115,106,112,115,116,152,81,90,87,95,81,174,129,363,354,499,495,568,552,726,705,712,643,643,643,643,643,639,490,485,437,403,471,464,451,29961,29963,29963,29964,6107,6103]} 1. c4 e6 2. Nf3 d5 3. d4 Nf6 4. Nc3 dxc4 5. Bg5 a6 6. a4 Bb4 {D24: Queen's Gambit Accepted: 3 Nf3 Nf6 4 Nc3} (6... c6 7. e3 b5 8. axb5 cxb5 9. Bxf6 gxf6 10. Nxb5 axb5 11. Rxa8 Bb7 12. Ra1 Bb4+ 13. Ke2 O-O 14. Qc2 {0-1 (26) Mamedyarov,S (2817)-Nakamura,H (2746) Kolkata 2018}) 7. e3 h6 8. Bh4 g5 {The position is equal.} 9. Bg3 Ne4 $146 ({Predecessor:} 9... Nd5 10. Qc2 Nd7 11. Bxc4 b6 12. O-O Nxc3 13. bxc3 Bd6 14. d5 {1-0 (26) Silva,M (1956)-Ribeiro,A (1760) Rio de Janeiro 2018}) 10. Qc2 Nxg3 11. hxg3 Nc6 12. Bxc4 Bd7 (12... Qe7 $14) 13. O-O-O $1 $16 Bxc3 {[#]} 14. Qxc3 (14. bxc3 $6 Qf6 $11) (14. d5 $142 $1 Bg7 15. dxe6 (15. dxc6 bxc6 16. Rd3 Rb8 $11) 15... fxe6 16. Qg6+ Kf8 17. Bxe6 Bxe6 18. Rxd8+ Nxd8 19. Rd1) 14... Qf6 15. Nd2 Ne7 16. Ne4 Qg7 17. Nc5 Bc6 18. e4 $36 {[%mdl 2048] White is on the roll.} b6 19. Nxa6 O-O 20. Qb4 (20. Nxc7 Rxa4 21. Bb3 Ra5 $11) 20... Ng6 21. d5 exd5 22. exd5 Bd7 {[#]} 23. Bb5 $1 Ne5 24. f4 (24. Nxc7 $6 Rfc8 $14) ({White should try} 24. Bxd7 {Bb5 is the strong threat.} Rxa6 25. Bb5) 24... Bxb5 25. axb5 Nd7 26. Qc3 Qg6 (26... Nf6 $16 {was worth a try.}) 27. Qc2 (27. Nxc7 Ra1+ 28. Kd2 Ra4 $11) 27... Qf6 $2 (27... gxf4 $16 {is a better defense.} 28. gxf4 Nc5) 28. Qc6 $18 Qxc6+ (28... Rfe8 $142 29. Rxh6 Qxc6+ 30. dxc6 Nc5) 29. dxc6 ({Stronger than} 29. bxc6 Rxa6 30. cxd7 Ra1+ 31. Kd2 Rxd1+ 32. Rxd1 (32. Kxd1 Kg7 $11) 32... Rd8 $11) 29... Nc5 30. Nxc7 Ra4 31. Kb1 Kg7 32. Nd5 Ra5 33. Ne7 Ne6 34. f5 Nc7 35. Rd6 Rfa8 {Strongly threatening ...Ra1+.} 36. f6+ Kh7 {Threatens to win with ...Ra1+.} 37. Rdd1 {White threatens Rxh6+! and mate.} g4 38. Rh5 Nxb5 {[#]} (38... Ra1+ $18 39. Kc2 Rxd1 40. Kxd1 Ra1+ 41. Kd2 Rg1) 39. Rxb5 $1 {[%mdl 512]} Rxb5 40. c7 Rc5 41. Rd8 {Accuracy: White = 83%, Black = 38%.} 1-0